Řízení technické tvůrčí práce, vynálezcovství a zlepšovatelství

Guardado en:
Detalles Bibliográficos
Autor principal: Stránský, Jiří
Formato: Libro
Lenguaje:checo
Publicado: Praha Práce 1988
Edición:1. vyd.
Colección:Člověk a práce
Etiquetas: Agregar Etiqueta
Sin Etiquetas, Sea el primero en etiquetar este registro!

MARC

LEADER 00000nam a2200000 4500
001 c034151
005 20250513140408.3
041 0 |a cze 
044 |a CZ 
245 1 0 |a Řízení technické tvůrčí práce, vynálezcovství a zlepšovatelství  |c Jiří Stránský 
250 |a 1. vyd. 
264 1 |a Praha  |b Práce  |c 1988 
300 |a 244 s. 
490 1 |a Člověk a práce 
830 0 |a Člověk a práce 
100 1 |a Stránský, Jiří